| 000 | 00556nam a2200169 a 4500 | ||
|---|---|---|---|
| 005 | 20140412111406.0 | ||
| 008 | 070705s19uu xx 00 eng d | ||
| 020 | _a0-679-80091-3 | ||
| 050 |
_aER _bBe35Tr 1989 |
||
| 100 | _aBerenstain, Stan | ||
| 245 |
_aThe berenstain bears : _bTrick or treat / _cStan Berenstain. |
||
| 260 |
_aNew York : _bRandom house, _c1989. |
||
| 440 | _aFirst time books | ||
| 520 | _aThe berenstain bears cubs have an adventure on halloween night that proves mother's adage | ||
| 650 | _aHalloween - fiction | ||
| 999 |
_c105569 _d105569 |
||